000 02214nam a22004811i 4500
999 _c171768
_d171768
001 20716428
005 20190404102602.0
008 181023s2018 nyuaf j 000 1 und d
010 _a 2018289144
020 _a9781534432260
_qpaperback
_cRM 32.90
020 _a1534432264
_q(paperback)
035 _a(OCoLC)on1044559548
040 _aNCK
_beng
_cNCK
_dBDX
_dOI6
_dDLC
_dPPAK
_erda
042 _alccopycat
082 0 4 _223
_a813.6
090 _a813.6
_bWES
_dK
100 1 _aWest, Tracey,
_d1965-
_eadaptor.
245 1 0 _aSMALLFOOT MOVIE NOVELIZATION /
_cAdapted by Tracey West.
250 _aFirst Simon Spotlight paperback edition.
264 1 _aNew York :
_bSimon Spotlight,
_c2018.
300 _a140 pages, 8 unnumbered leaves of plates, :
_billustrations ;
_c20 cm
336 _atext
_btxt
_2rdacontent
337 _aunmediated
_bn
_2rdamedia
338 _avolume
_bnc
_2rdacarrier
520 _aSmallfoot turns a legend upside down when a bright young Yeti finds something he thought didn't exist--a human! News of this "Smallfoot" throws the Yeti community into an uproar over what else might be out there in the big world beyond their snowy village. Smallfoot is an all-new animated story about friendship, courage, and the joy of discovery. Fans of the movie will love reading this hilarious retelling with a full-color insert, including stills from the film.--
_cAmazon
600 0 0 _aSmallfoot (fictitious character)
_vJuvenile fiction.
650 0 _aCourage
_vFiction.
650 0 _aFriendship
_vFiction.
650 0 _aSmallfoot (fictitious character)
_vJuvenile fiction.
650 0 _aYeti
_vFiction.
650 0 _aFilm novelizations
_vJuvenile fiction.
650 1 _aYeti
_vJuvenile fiction.
650 1 _aCourage
_vJuvenile fiction.
650 1 _aFriendship
_vJuvenile ficiton.
650 7 _aFilm novelizations.
_2fast
_0(OCoLC)fst00924276
655 7 _aFiction.
_2fast
_0(OCoLC)fst01423787
655 7 _aJuvenile works.
_2fast
_0(OCoLC)fst01411637
655 7 _aNovelizations.
_2lcgft
730 0 _aSmallfoot (Motion picture)
_iAdaptation of (expression):
906 _a0
_bibc
_ccopycat
_d2
_encip
_f20
_gy-gencatlg
942 _2ddc
_cB